Normal view MARC view
  • Atuesta Montes, Bernardo

Entry Nombre Personal

Number of records used in: 1

001 - NUMERO DE CONTROL

  • campo de control: 50722

003 - IDENTIFICADOR DE NUMERO DE CONTROL

  • campo de control: DLC

005 - FECHA Y HORA DE LA ÜLTIMA TRANSACCIÓN

  • campo de control: 20240104112621.0

008 - DATOS DE LONGITUD FIJA

  • campo de control de longitud fija: 210329nn annnnaabn |a aaa c

010 ## - NÚMERO DE CONTROL DE LA BIBLIOTECA DEL CONGRESO

  • Número de control LC: no2021037082

035 ## - NUMERO DE CONTROL

  • Número de control: (OCoLC)oca13597820

040 ## - FUENTE DE CATALOGACIÓN

  • Agencia original de catalogación: CL-SaBCN
  • Lenguaje de catalogación: eng
  • Agencia de transcripción: CL-CcU
  • Description conventions: rda

100 1# - ENCABEZAMIENTO - NOMBRE PERSONAL

  • Nombre personal: Atuesta Montes, Bernardo

370 ## - LUGAR ASOCIADO

  • Associated country: Chile
  • Fuente del término: naf

377 ## - LENGUA ASOCIADA

  • Language code: spa

400 1# - VEÁSE - NOMBRE DE PERSONA

  • Personal name: Atuesta, Bernardo

400 1# - VEÁSE - NOMBRE DE PERSONA

  • Personal name: Montes, Bernardo Atuesta

670 ## - FUENTE EN LA QUE SE LOCALIZARON DATOS

  • Cita de la fuente: Herramientas para el análisis de las desigualdades y del efecto redistributivo de las políticas públicas, 2018:
  • Información localizada: portada (Bernardo Atuesta Montes) pagina [2] (Bernardo Atuesta)

670 ## - FUENTE EN LA QUE SE LOCALIZARON DATOS

  • Cita de la fuente: Transferencias monetarias no contributivas y educación, 2022 :
  • Información localizada: portada (Bernardo Atuesta)

902 ## - CATALOGADOR

  • Catalogador: VíctorGodínez/040123